|
|
|
|
| LEADER |
01210nam a2200301 a 4500 |
| 001 |
AAL3978 |
| 003 |
BD-DhAAL |
| 005 |
20160210170601.0 |
| 008 |
150210s1994 ilua b 001 0 eng |
| 010 |
|
|
|a 93086175
|
| 020 |
|
|
|a 0875813801 (pbk.)
|
| 040 |
|
|
|a DLC
|c DLC
|d BD-DhAAL
|
| 050 |
0 |
0 |
|a HC106.5
|b .F73 1994
|
| 082 |
0 |
0 |
|a 338.973
|2 20
|
| 999 |
|
|
|c 33646
|d 33646
|
| 999 |
|
|
|c 33646
|
| 100 |
1 |
|
|a Frendreis, John P.
|9 8216
|
| 245 |
1 |
4 |
|a The modern presidency and economic policy /
|c John P. Frendreis, Raymond Tatalovich.
|
| 260 |
|
|
|a Itasca, Ill. :
|b F.E. Peacock,
|c c1994.
|
| 300 |
|
|
|a xiv, 335 p. :
|b ill. ;
|c 23 cm.
|
| 504 |
|
|
|a Includes bibliographical references and index.
|
| 541 |
|
|
|e 3978
|
| 650 |
|
0 |
|a Presidents
|z United States.
|9 8169
|
| 651 |
|
0 |
|a United States
|x Economic policy.
|9 8079
|
| 700 |
1 |
|
|a Tatalovich, Raymond.
|9 8217
|
| 942 |
|
|
|2 ddc
|c BK
|
| 952 |
|
|
|0 0
|1 0
|2 ddc
|4 0
|6 338_973000000000000_FRE
|7 0
|9 52545
|a SCL
|b SCL
|c GEN
|d 2015-02-10
|e Gift: The Asia Foundation
|l 0
|o 338.973 FRE
|p 3020003978
|r 2015-02-10
|t 1
|w 2015-02-10
|y BK
|
| 952 |
|
|
|0 0
|1 0
|2 ddc
|4 0
|6 338_973000000000000_FRE
|7 0
|9 53624
|a SCL
|b SCL
|c GEN
|d 2015-04-29
|e Gift: The Asia Foundation
|l 0
|o 338.973 FRE
|p 3020001787
|r 2015-04-29
|t 2
|w 2015-04-29
|y BK
|